000 00744nam a22002055 4500
001 145707
003 ES-MaBCM
005 20241016183822.0
008 070216s1985 esp spa d
017 _aB.13139-85
021 _axx
035 _a(OCoLC)1365246680
040 _cES-MaBCM
100 1 _aFigueras Bassols, José María
_978763
245 1 0 _aSobre el papel ambiguo del "amateur" en el arte contemporáneo
_b: discurso de ingreso de José Mª Figueras Bassols, leído el día 25 de abril de 1985 y contestación de Federico Marés Deulovol..
260 _aBarcelona :
_bReal Academia Catalana de Bellas Artes de San Jorge, 1985,
300 _a32 p. dupl.
_c26 cm
500 _aTexto bilingüe español-catalán
942 _cBK
999 _c145707
_d145707